Wszystkie Miasta W Województwie Pomorskim - Statystyki

Ogólne statystyki
  • Ten quiz został rozwiązany 65 razy
  • Średni wynik to 27 z 43
Statystyki odpowiedzi
Populacja Miasto % Poprawnych
487 834 Gdańsk
100%
240 554 Gdynia
100%
85 135 Słupsk
90%
2755 Hel
88%
31 696 Sopot
88%
45 734 Wejherowo
83%
28 866 Reda
81%
53 585 Rumia
81%
45 184 Starogard Gdański
81%
56 676 Tczew
81%
9154 Władysławowo
79%
38 508 Chojnice
77%
2581 Jastarnia
77%
23 353 Kościerzyna
77%
10 419 Puck
77%
33 865 Lębork
75%
36 573 Malbork
75%
36 731 Kwidzyn
73%
16 218 Bytów
69%
13 687 Kartuzy
69%
3029 Łeba
67%
32 270 Pruszcz Gdański
65%
13 574 Ustka
65%
1159 Krynica Morska
63%
9435 Nowy Dwór Gdański
63%
8985 Sztum
63%
12 958 Człuchów
58%
9283 Miastko
54%
7118 Pelplin
50%
9843 Czersk
48%
8053 Prabuty
48%
6723 Żukowo
48%
4850 Dzierzgoń
42%
2643 Czarna Woda
40%
6098 Gniew
40%
5053 Brusy
38%
3952 Nowy Staw
38%
3422 Skórcz
38%
5547 Czarne
35%
6587 Skarszewy
35%
4767 Kobylnica
33%
4805 Debrzno
29%
3254 Kępice
29%
Nie znaleziono quizów pasujących do podanych kryteriów
Rozkład punktacji
Procent ludzi z każdym wynikiem
Percentyl według liczby udzielonych odpowiedzi
Twoja historia wyników
Nie rozwiązałeś tego quizu